Marketing of Malaysian rubber: Trends and strategies (Record no. 39452)
[ view plain ]
| 000 -LEADER | |
|---|---|
| fixed length control field | 00370nam a2200133Ia 4500 |
| 082 ## - DEWEY DECIMAL CLASSIFICATION NUMBER | |
| Classification number | NR:339.13 (545) |
| Item number | NGC |
| 100 ## - MAIN ENTRY--AUTHOR NAME | |
| Personal name | Ng Choong Sooi |
| 245 #0 - TITLE STATEMENT | |
| Title | Marketing of Malaysian rubber: Trends and strategies |
| 260 ## - PUBLICATION, DISTRIBUTION, ETC. (IMPRINT) | |
| Place of publication | Malaysia |
| Name of publisher | MRRDB |
| Year of publication | 1986 |
| 490 ## - SERIES STATEMENT | |
| Series statement | MRRDB Monograph 12 |
| 650 ## - SUBJECT ADDED ENTRY--TOPICAL TERM | |
| Topical Term | Rubber marketing |
| 942 ## - ADDED ENTRY ELEMENTS (KOHA) | |
| Koha item type | Books |
| Withdrawn status | Lost status | Damaged status | Not for loan | Home library | Current library | Date acquired | Cost, normal purchase price | Full call number | Accession Number | Koha item type |
|---|---|---|---|---|---|---|---|---|---|---|
| RRII Library | RRII Library | 16/12/2021 | 137.00 | NR:339.13 (545) NGC | 19786 | Books |